|
|
|
|
| LEADER |
00000nam a2200000 a 4500 |
| 001 |
UCG5853 |
| 003 |
CL-VaPUC |
| 008 |
110324e19950000SP |||||||||||||||||spa|d |
| 020 |
|
|
|a 8472070808
|
| 082 |
0 |
4 |
|a 551
|b AGU
|2 21
|
| 100 |
0 |
|
|a Aguilera Cascales, Angeles
|e author
|9 555735
|
| 700 |
0 |
|
|a Blecua Sánchez, José Luis
|e author
|9 555736
|
| 700 |
0 |
|
|a García Conde, Fernando J
|e author
|9 555737
|
| 700 |
0 |
|
|a Gómez Alcaide, José María
|e author
|9 555738
|
| 700 |
0 |
|
|a Hernández Arnedo, María Jesús
|e author
|9 555739
|
| 700 |
0 |
|
|a Jiménez Zaragoza, Isidoro
|e author
|9 555740
|
| 700 |
0 |
|
|a Pastor Conesa, José Luis
|e author
|9 555741
|
| 700 |
0 |
|
|a Rey Romero, Guillermo
|e author
|9 555742
|
| 700 |
0 |
|
|a Ruiz Yamuza, José francisco
|e author
|9 555743
|
| 245 |
1 |
0 |
|a Geología en imágenes: ejercicios y cuestiones didácticas
|
| 300 |
|
|
|a 129 p
|
| 942 |
|
|
|c BK
|
| 945 |
|
|
|d 20110324 00:00:00
|a dcastane
|
| 260 |
|
|
|a Madrid
|b Rueda
|c 1995
|
| 650 |
|
0 |
|a Geología
|9 260984
|
| 650 |
|
7 |
|a GEOLOGIA BASICA
|2 CL-VaPUC
|9 360600
|
| 650 |
|
0 |
|a Topografía
|9 260423
|
| 650 |
|
7 |
|a TIERRA
|2 CL-VaPUC
|9 261538
|
| 650 |
|
0 |
|a Rocas
|9 266105
|
| 583 |
|
|
|a last modification
|c 20110324 00:00:00
|k Rodrigo Vera
|
| 999 |
|
|
|c 344213
|d 344211
|
| 952 |
|
|
|0 0
|1 0
|4 0
|6 551_000000000000000_AGU_1995
|7 0
|8 CCM
|9 442058
|a BIBCUR
|b BIBCUR
|d 2019-11-22
|i 4759524
|o 551 AGU 1995
|p 4759524
|r 2025-04-22
|w 2019-11-22
|y BK_R
|k CIM
|